[Event "CAN-ch International"]
[Site "Longueuil"]
[Date "2019.10.11"]
[Round "1"]
[White "Hernandez Moya, Yuleisis"]
[Black "Nazareno, Merlin"]
[Result "1-0"]
[WhiteElo "2173"]
[BlackElo "1873"]
[PlyCount "84"]
[EventDate "2019.10.11"]
[EventType "swiss"]
[EventRounds "5"]
[EventCountry "CAN"]
[SourceTitle "CBM 192 Extra"]
[Source "Chessbase"]
[SourceDate "2019.11.06"]
[SourceVersion "1"]
[SourceVersionDate "2019.11.06"]
[SourceQuality "1"]

1. e4 Nc6 2. Nf3 f5 3. exf5 d5 4. d4 Bxf5 5. c3 Nf6 6. Bd3 Qd7 7. 0-0 g6 8. Bb5 Bg4 9. Nbd2 Qd6 10. Qa4 Nd7 11. Ne5 Ncxe5 12. dxe5 Qe6 13. h3 c6 14. hxg4 cxb5 15. Qxb5 Bg7 16. f4 0-0 17. Nb3 Nb6 18. Qe2 Na4 19. Nd4 Qc8 20. Qb5 Nb6 21. a4 e6 22. a5 Nc4 23. Rf3 Re8 24. b3 a6 25. Qa4 b5 26. Qa2 Nxe5 27. fxe5 Bxe5 28. b4 Bg7 29. Bg5 Qd7 30. Raf1 e5 31. Ne2 Rac8 32. Bf6 Bf8 33. g5 Rc4 34. Qd2 Qc6 35. Bxe5 Bd6 36. Nd4 Qc7 37. Bxd6 Qxd6 38. Rf7 Rc7 39. Qf2 Rxc3 40. Qh4 h5 41. gxh6 Qe5 42. h7+ Kh8 1-0

[Event "Mississauga Goldon Horseshoe op U2000"]
[Site "Mississauga"]
[Date "2018.06.02"]
[Round "2.1"]
[White "Khachaturov, Vadim"]
[Black "Nazareno, Merlin"]
[Result "0-1"]
[WhiteElo "1966"]
[BlackElo "1894"]
[PlyCount "102"]
[EventDate "2018.06.02"]
[EventType "swiss"]
[EventRounds "5"]
[EventCountry "CAN"]
[SourceTitle "EXT 2022"]
[Source "ChessBase"]
[SourceDate "2021.10.06"]
[SourceVersion "1"]
[SourceVersionDate "2021.10.06"]
[SourceQuality "1"]

1. e4 Nc6 2. d4 d5 3. e5 Bf5 4. c3 Qd7 5. Bd3 0-0-0 6. Nf3 f6 7. Bxf5 Qxf5 8. Qe2 h5 9. Nh4 Qh7 10. f4 g5 11. fxg5 fxe5 12. dxe5 d4 13. 0-0 e6 14. g3 Bc5 15. Kh1 Nge7 16. Rf6 Rhf8 17. g6 Nxg6 18. Rxg6 d3 19. Qe1 Qd7 20. Nd2 Rf2 21. Ndf3 Re2 22. Qd1 Qd5 23. Bf4 Qe4 24. Qb3 d2 25. Qxe6+ Kb8 26. Bxd2 Rdxd2 27. Rg8+ Nd8 28. Qh3 Rf2 29. Rf1 a5 30. Rxf2 Bxf2 31. Qf5 Rd1+ 32. Kg2 Qe2 33. Kh3 Ka7 34. Qxh5 Bb6 35. Qg4 Nc6 36. e6 Rb1 37. b4 axb4 38. cxb4 Rxb4 39. Qg6 Qf1+ 40. Ng2 Qxf3 41. Qf7 Qe4 42. Rg7 Rb2 43. Nf4 Qh1 44. Qf8 Rxh2+ 45. Kg4 Qd1+ 46. Kg5 Qf3 47. Kf5 Rh5+ 48. Kf6 Bd4+ 49. Kf7 Rf5+ 50. Ke8 Rxf8+ 51. Kxf8 Bf2 0-1